| 000 | 00000nam 2200000za 4500 |
| 001 | 9.840601 |
| 003 | CaOODSP |
| 005 | 20221107151902 |
| 007 | cr ||||||||||| |
| 008 | 170728q2010 onc #o f000 0 fre d |
| 040 | |aCaOODSP|bfre |
| 043 | |an-cn--- |
| 086 | 1 |aHP35-89/2010F-PDF |
| 245 | 00|aInventaire |h[ressource électronique] : |bl’évaluation et le diagnostic de l’ETCAF chez les adultes / |cpréparé pour l'Agence de la santé publique du Canada. |
| 260 | |a[Ottawa] : |bAgence de la santé publique du Canada, |c[2010] |
| 300 | |a[43] p. |
| 500 | |aPubli. aussi en anglais sous le titre : Inventory of literature on the assessment and diagnosis of FASD among adults. |
| 500 | |aTitre de la couv. |
| 504 | |aComprend des références bibliographiques. |
| 692 | 07|2gccst|aConsommation d'alcool |
| 692 | 07|2gccst|aGrossesse |
| 710 | 2 |aAgence de santé publique du Canada. |
| 775 | 08|tInventory of literature on the assessment and diagnosis of FASD among adults |w(CaOODSP)9.840600 |
| 856 | 40|qPDF|s682 Ko|uhttps://publications.gc.ca/collections/collection_2017/aspc-phac/HP35-89-2010-fra.pdf |